MDQL
is popping MORE tags! Check the
thread
!
Quizzes
Events
Quiz Creation
Community
Videos
Private Events
Remove Ads
Sign In
Join for FREE
Feedback
Dark Mode
Quiz Categories
Sports
Geography
Music
Movies
Television
Just For Fun
Miscellaneous
History
Literature
Language
Science
Gaming
Entertainment
Religion
Holiday
For Kids
Quiz Lab
Recent
Popular Today
Quiz Kudos Today
Editor Picks
Curator Picks
Quizzes by...
Day
Popularity
Type
Ratings
Length
Year
Community
Subscriptions
Recent Discussions
Orange Saloon
Badges
Playlists
Quests
Create
Leaderboards
Showdown
Live 5
Trivia Bingo
Activity
Puzzle Library
Sporcle Events
Private Events
Virtual Trivia
Globe League
Become a Host
Pub Owners
SporcleCon
Opinionation
Our Games
Videos
Blog
Mobile Apps
Partnerships
Remove Ads and Go Orange
Feedback
Sports
Athletes
MLB
NBA
NHL
NFL
Soccer
Sports Teams
WWE
NCAA
Football
Premier League
Basketball
Baseball
Hockey
Golf
Tennis
Cricket
Rugby
Auto Racing
Olympics
World Cup
Sports
Athletes
MLB
NBA
NHL
NFL
Soccer
Sports Teams
WWE
NCAA
Football
Premier League
Basketball
Baseball
Hockey
Golf
Tennis
Cricket
Rugby
Auto Racing
Olympics
World Cup
Random Quiz
Search Sporcle
×
Quiz Lab
Quiz Lab
Sports
Football
Type in answers that appear in a list
Type in answers that appear in a list
Classic
Best Score? Go Orange.
European Club with Largest Stadium per Country Stats
Can you name the football club with the largest stadium per European country?
By
jonesjeffum
8m
46 Questions
176 Plays
176 Plays
176 Plays
Comments
Comments
Give Quiz Kudos
Give Quiz Kudos
-
- Ratings
hide this ad
Replay
Link that replays current quiz
Next Quiz
Link to next quiz in quiz playlist
You Got
0%
They Got
Avg Score
36%
Avg Friend Score
Upgrade to see
Score Distribution
Jump to the score distribution portion of the page
Score
0/46
Timer
08:00
0
Plays Today
Country
Club
% Correct
United Kingdom
Manchester United
88.6%
Spain
FC Barcelona
86.9%
Italy
AC Milan/Inter Milan
86.4%
Germany
Borussia Dortmund
83.5%
Netherlands
AFC Ajax
83%
France
Olympique de Marseille
82.4%
Portugal
SL Benfica
79.5%
Greece
Panathinaikos FC/AEK FC
77.8%
Monaco
AS Monaco
75%
Denmark
FC København
72.2%
Serbia
Red Star
71%
Russia
Rubin Kazan
66.5%
Ukraine
Dynamo Kyiv
66.5%
Croatia
Dinamo Zagreb
65.9%
Cyprus
APOEL/Omonia/Olympiakos
64.2%
Belgium
Standard Liège
52.8%
Sweden
AIK
47.2%
Bulgaria
Levski Sofia
44.3%
Latvia
FK Skonto
42%
Liechtenstein
FC Vaduz
39.8%
Malta
Hibernians FC
35.8%
Poland
Lech Poznan
34.7%
Bosnia & Herzegovina
FK Sarajevo
27.8%
Country
Club
% Correct
Ireland
Bohemians FC
26.1%
Norway
Vålerenga IF
23.9%
Czech Republic
Slavia Praha
18.2%
San Marino
San Marino Calcio
16.5%
Slovenia
Olimpija Ljubljana
13.1%
Andorra
FC Andorra
11.9%
Turkey
İstanbul BB
9.7%
Hungary
Györi ETO
9.1%
Faroe Islands
HB Tórshavn/B36 Tórshavn
8.5%
Moldova
FC Tiraspol
8.5%
Macedonia
FK Buducnost
8%
Austria
Austria Klagenfurt
5.7%
Finland
Tampere United
5.7%
Macedonia
FK Rabotnicki/FK Vardar
4.5%
Slovakia
Spartak Trnava
4%
Estonia
Tallinna Kalev
2.8%
Iceland
Fram Reykjavík
2.8%
Romania
Poli Timisoara
2.8%
Albania
Vllaznia Shkodër
2.3%
Lithuania
FK REO Vilnius
2.3%
Belarus
Partizan Minsk
1.7%
Kosovo
KF Trepça
1.1%
Luxembourg
FC Differdingen 03
1.1%
Quiz Playlist
Details
Report
Send in Message
Add To Playlist
Classic:
Type in answers that appear in a list
Quiz Source
Last Updated: Feb 16, 2017
Quiz Scoreboard
CHALLENGE
Sign Up to Join the Scoreboard
Show All
Scores
Hide
Comments
May contain spoilers
Recently Published
1-10 Letter E Words III
by El_Dandy
Language
2m
Street Fighter Characters
by Artimus82
Gaming
60s
College Basketball Coaching Resumes
by pancakes188
Sports
9m
More to Explore
Quiz From the Vault
Featured Blog Post
Where Did the Easter Bunny Come From?
hide this ad
You Might Also Like...
Tags
Country Quiz
Europe Quiz
Football Quiz
club
largest
Stadiums
Today's Top Quizzes in Sports
Browse Sports
hide this ad
Today's Top Quizzes in Football
Browse Football
Top Contributed Quizzes in Sports
1
2022 World Cup Stars
2
Les meilleurs buteurs des matchs entre le PSG et l’OM
3
FIFA Club World Cup Champions
4
Les entraîneurs de l'OM et du PSG au 21e siècle
5
Criteria MLB: Left Handed Sluggers
6
2023 MLB Unique Player Accomplishments
7
AFC Teams Reveal (Wrong Answers Minefield)
8
Players with Multiple 50 Home Run Seasons
9
5-to-1: FBS Animal Nicknames
10
5-to-1: UK Sports Teams
Explore More
Trending Topics
NBA
Harry Potter
Anime
Kpop
Marvel
Disney
Crossword
Country
WWE
Soccer
NFL
Pokémon
Puzzle
Song
The Office
hide this ad
More By:
jonesjeffum
Quiz
Plays
Rating
Category
Featured
Created
NBA Players by Face
1,637,466
4.55
Sports
Feb 17, 2011
NBA Playoffs Statistical Leaders
405,281
4.54
Sports
Apr 16, 2010
City by Landmark Photo
375,320
4.08
Geography
May 5, 2010
Sports Logo Silhouettes
303,574
4.19
Sports
Jan 24, 2013
Sightseeing in North America
275,407
3.76
Geography
May 3, 2010
Go to Creator's Profile
Score Distribution
Quiz Creator Spotlight
jonesjeffum
Follow
Send a Message
Quizzes Created
-
Created Quiz Play Count
-
More By This Creator
Popular Quizzes Today
1
Find the US States - No Outlines Minefield
2
Find the Countries of Europe - No Outlines Minefield
3
Find the US States
4
The Countries of the World
5
Risky Map Clicking: Biggest States A-Z
6
US States
7
Popular People in 1961
8
Movies - When Are They Set?
More Sports Quizzes
Charlotte Flair All Successful Title Defenses in WWE
Quiz Lab
Trending Quizzes
Risky Map Clicking: Least Populous States A-Z
1-10 Letter G Words
Countries of the World: 200 Million BC
1-10 Letter F Words
Risky Map Clicking: Next State Alphabetically
Recently Updated
Largest US Cities 1790-2010
pecheneg
Rides in Walt Disney World
pecheneg
Most Oscar Losses (Acting)
pecheneg
Beyoncé Albums
pecheneg
Leaping Animals
pecheneg
Reality TV Shows (A-Z)
bhenderson79
Rickey Henderson's Hall of Fame Teammates
pecheneg
Champions League XIs: Arsenal
pecheneg
Quick Pick: Celebrities in WWE's Hall of Fame
aduchscher
A-Z Keypad Blitz II
pecheneg
Trending Topics
Disney
Marvel
Crossword
Harry Potter
NBA
Anime
Kpop
Puzzle
NFL
Country
Pokémon
WWE
The Office
Song
Soccer
Your Account Isn't Verified!
In order to create a playlist on Sporcle, you need to verify the email address you used during registration. Go to your
Sporcle Settings
to finish the process.
Report this User
Report this user for behavior that violates our
Community Guidelines
.
Details:
Send Report
Go to the Sporcle.com Mobile Site →
Comments